000 00348 a2200157 4500
001 75449
020 _a9788510064644
040 _cAnchieta - Colégio São Paulo
100 _aSaporito, Adriana
240 1 0 _aYour Turn, 1
_lpor
245 1 0 _aYour Turn, 1
300 _a192
362 0 _a2016
650 4 _aInglês e inglês antigo
942 _cBK
999 _c75449
_d75449